Statistics for Reneé Rapp - In the Kitchen Lyrics

Click here to take the quiz!

General Stats

  • This quiz has been taken 347 times
  • The average score is 258 of 344

Answer Stats

Answer% Correct
I
100%
in
99%
the
99%
The
99%
a
98%
you
98%
kitchen
97%
me
97%
it
96%
an
95%
its
95%
it's
95%
And
94%
and
94%
I'm
94%
love
94%
so
94%
So
94%
to
94%
walk
94%
hear
93%
that
93%
'cause
92%
your
92%
we
91%
When
91%
be
89%
missin'
89%
my
89%
no
89%
play
88%
too
88%
delete
87%
floor
87%
hits
87%
still
87%
all
86%
just
86%
heart
85%
Strangers
84%
strangers
84%
But
83%
but
83%
feet
83%
lovers
83%
memories
83%
dance
82%
ghost
82%
hundred
82%
living
82%
now
82%
of
82%
square
82%
young
82%
dumb
81%
is
81%
where
81%
with
81%
can't
80%
knife
80%
room
80%
alone
79%
another
79%
bittersweet
79%
enemies
79%
ER
79%
piano
79%
see
79%
trip
79%
afford
78%
big
78%
from
78%
have
78%
scared
78%
careful
77%
on
77%
we're
77%
behind
76%
cookin'
76%
dinner
76%
favor
76%
holding
76%
I'll
76%
us
76%
know
75%
our
75%
please
75%
say
75%
videos
75%
at
74%
deleted
74%
playlist
74%
everyone
73%
real
71%
knows
68%
once
68%
favorite
66%
least
66%
some
64%
vision
64%
decency
62%
could've
61%
shown
60%
don't
59%
fall
58%
home
57%
this
57%
try
57%
clothes
56%
up
56%
for
55%
fallin'
54%
fallin
54%
ain't
52%
Ain't
52%
packed
52%
weak
52%
done
47%
couch
46%
New
46%
York
45%
back
44%
LA
44%
made
44%
sat
44%
way
41%
has
39%
melodies
39%
miles
38%
thousand
37%
three
37%
pillows
35%
been
34%
hell
32%
you've
30%
askin'
29%
talkin'
29%
these
28%
told
27%
who
26%
two
24%
knew
23%
weeks
23%
loved
22%
over
22%
would
22%
you're
21%
come
18%
end
18%
falling
18%
funny
15%
known
15%
would've
15%
how
14%
dead
12%
shows
12%
time
12%
used
12%
nothing
11%
Ooh
11%

Score Distribution

Percentile by Number Answered

Percent of People with Each Score

Your Score History

You have not taken this quiz